000 00704nam a2200241Ia 4500
003 OSt
005 20221006164934.0
006 a|||||r|||| 00| 0
007 ta
008 221006b |||||||| |||| 00| 0 hin d
024 _a4,115
037 _cTextual
040 _aFML
_cFML
_bhin
041 _2hin
_ahin
082 _aNR44x1,1, P2 .1- .2 - ; 4
100 _aGarg Lakshminarayan Au.
245 0 _aSangeet Ratnakar
_b Bhaag 1; Sangeet Ratnakar Bhaag 2
260 _aHathras
_bSangeet Karyalaya India
_c2002
300 _a266 , 236
_ccm.
490 _v01
942 _hNR44x1,1, P2 .1- .2 - ; 4
_cTEXL
_2CC
999 _c1119010
_d1119010